| 000 | 00410nam a2200181Ia 4500 | ||
|---|---|---|---|
| 008 | 230524s9999 xx 000 0 und d | ||
| 020 | _a0333933290 | ||
| 082 |
_a530.12 _bGHA |
||
| 100 | _aA.Ghatak | ||
| 245 | 0 | _aQuantum Mechanics | |
| 250 | _a14TH | ||
| 260 |
_bMac. Millon _c2003 |
||
| 300 | _aXXIV;678 | ||
| 500 | _aQuantity Number: 5 | ||
| 650 | _aPhysics | ||
| 700 | _a S.Loknathan | ||
| 942 | _cBK | ||
| 999 |
_c22842 _d22842 |
||